00925 a2200229 4500010001400000020002300014035001300037037001600050082001500066090001700081100002200098245013600120260003600256260004500292270007000337300003100407500005000438700002100488942002900509999001700538952014000555 aENG-89528 c695.00a8178242184 aEN-73061 bDBAD / PUB14a338.040954 c11102d111021 aDamodaran, Harish1 aIndia's new capitalists:cby Harish Damodarn; with a foreword by Nandan Nilekanibcaste, business, and industry in a modern nation/ aRanikhetbPermanent Blackc2008 aNew DelhibOrient Longman (Distributor) aHimalayana, Mall Road, Ranikhet CanttbRanikhete263645cRanikhet axxiii, 341p.c22 cm. (Hb) aIncludes bibliographical references & index. aNilekani, Nandan adplcENk338.040954/ DAM c10797d10797 00102ddc40718NFICaDBADbDBADeDBAD/PUBg695.00l0o338.040954 DAMpEN-73061r2008-09-15 00:00:00t1u11893v695.00w2008-09-15yEN